00819nam a22002057a 450000500170000000800410001702000180005804000070007604100080008308200200009110000230011124500620013425000120019626000350020830000340024336500710027752002130034865000350056170000170059620230320095121.0230313b ||||| |||| 00| 0 eng d a9788131717301 cAL aeng 223a658.1bROBO aStephen, P Robbins aOrganization theoryb: Structure, design and applications a3rd ed. aIndiabPearson Educationc2009 axviii,380p.bPBc23.3x17.2cm. 2GeneralaABDI/0592/22b₹771.75c₹d₹1029.00e25%f29-08-2022 aThe evolution of organization theory; Organizational effectiveness; Dimension of organization structure, Strategy, technology, organization size, Environment, power control, Managing organizational conflict.  2ManagementaGeneral Management aMathew, Mary